| 000 | 00742cam a2200265 4500 | ||
|---|---|---|---|
| 001 | ABS64122 | ||
| 008 | 000000n2001 000 0 eng u | ||
| 035 | _a(Sirsi) u113542 | ||
| 245 | _aRegional survey: Scotland | ||
| 260 | _c2001 | ||
| 490 |
_aProperty Week _v66(24) 15 June 2001, 89-120(12) |
||
| 590 | _aABS | ||
| 650 | _aABERDEEN | ||
| 650 | _aCUMBERNAULD | ||
| 650 | _aEDINBURGH | ||
| 650 | _aGALASHIELS | ||
| 650 | _aGLASGOW | ||
| 650 | _aINDUSTRIAL MARKET | ||
| 650 | _aOFFICES | ||
| 650 | _aOIL AND GAS INDUSTRY | ||
| 650 | _aPROPERTY INVESTMENT | ||
| 650 | _aPROPERTY-COMMERCIAL PROPERTY-RETAIL PROPERTY-RETAIL PROPERTY MARKET | ||
| 690 | _aPROPERTY-COMMERCIAL PROPERTY-COMMERCIAL PROPERTY MARKET | ||
| 942 | _n0 | ||
| 999 |
_c67634 _d67634 |
||